000 00412nam a2200169Ia 4500
003 LK-CoDNM
005 20240422155005.0
008 010623t1946 xxu||||| |||| 00| 1 sin d
040 _aLK-CoDNM
_dLK-CoDNM
_eLK-CoDNM
041 _asin
080 _aඡ83
245 _aජයබිම
246 _aJayabima
260 _bJayabima Advertising Company
_aPeradeniya
_c1946
300 _a7P.,27 cm
942 _cBK
999 _c100828
_d100828